000 00964cam a2200325 4500500
005 20260329005355.0
041 _afre
042 _adc
100 1 0 _aEltchaninoff, Michel
_eauthor
245 0 0 _aL’art de négocier avec ses adversaires : entretien avec Emmanuel Bonne, conseiller diplomatique du président de la République
260 _c2023.
500 _a63
690 _aConseiller
690 _aConseils
690 _aDialogue
690 _aDiplomatie
690 _aEmmanuel Bonne
690 _aEmmanuel Macron
690 _aGuerre
690 _aNégociation
690 _aPaix
690 _aParole
690 _aPoutine
690 _aPrésident
690 _aRègle
690 _aVolodymyr Zelensky
690 _aXi Jinping
786 0 _nPhilosophie magazine | 170 | 6 | 2023-06-01 | p. 21-23 | 1951-1787
856 4 1 _uhttps://shs.cairn.info/magazine-philosophie-magazine-2023-6-page-21?lang=fr&redirect-ssocas=7080
999 _c1842779
_d1842779